Asia Countries - Blind Typing - Statistics

General Stats
  • This quiz has been taken 132 times
  • The average score is 45 of 48
Answer Stats
Country % Correct
Kazakhstan
99%
Pakistan
99%
China
98%
Iran
98%
Iraq
98%
Oman
98%
Afghanistan
97%
India
97%
Israel
97%
Japan
97%
Kyrgyzstan
97%
Saudi Arabia
97%
Georgia
96%
Indonesia
96%
Mongolia
96%
North Korea
96%
South Korea
96%
Turkmenistan
96%
Uzbekistan
96%
Yemen
96%
Qatar
95%
Syria
95%
Tajikistan
95%
Thailand
95%
Bhutan
94%
Kuwait
94%
Laos
94%
Vietnam
94%
Cambodia
93%
Malaysia
93%
Nepal
93%
Sri Lanka
93%
Turkey
93%
Armenia
92%
Azerbaijan
92%
Bangladesh
92%
Jordan
92%
Myanmar
92%
Singapore
92%
Bahrain
91%
Lebanon
91%
Brunei
90%
East Timor
90%
Philippines
90%
Taiwan
90%
United Arab Emirates
90%
Maldives
87%
Cyprus
77%
No matching quizzes found
Score Distribution
Percent of People with Each Score
Percentile by Number Answered
Your Score History
You have not taken this quiz